000 00511nam a2200181 i 4500
001 23477
003 ES-MaACL
005 20240424063037.0
007 t|
008 021210s1982 sp ||||1| spa d
100 1 _aÁlvarez Lencero, Luis,
_d1923-1983
_9138667
245 1 0 _aJuan Pueblo /
_cLuis Alvarez Lencero.
250 _a[2ª ed.].
260 _a[Mérida :
_bAyuntamiemto,
_c1982]
300 _a103 p. :
_bil. ;
_c21 cm.
852 _aES-MaACL
_jL-4484
_bR.105367
999 _c23477
_d23477